[Event "Stuttgart-chB int"]
[Site "Ditzingen"]
[Date "2016.05.07"]
[Round "6"]
[White "Hrsak, Marco"]
[Black "Kappus, Holger"]
[Result "1-0"]
[WhiteElo "1571"]
[BlackElo "1652"]
[PlyCount "112"]
[EventDate "2016.05.05"]
[EventType "swiss"]
[EventRounds "7"]
[EventCountry "GER"]
[SourceTitle "EXT 2018"]
[Source "ChessBase"]
[SourceDate "2017.10.13"]
[SourceVersion "1"]
[SourceVersionDate "2017.10.13"]
[SourceQuality "1"]

1. e4 d6 2. d4 Nf6 3. Nc3 g6 4. f3 Bg7 5. Be3 0-0 6. Bc4 Nc6 7. a3 b6 8. Nge2 Bb7 9. Qd2 a6 10. Nf4 e5 11. dxe5 Nxe5 12. Ba2 Rc8 13. Rd1 Qe7 14. Nfd5 Nxd5 15. Nxd5 Qh4+ 16. Bf2 Qd8 17. h3 Nd7 18. c4 Re8 19. 0-0 Bxd5 20. cxd5 Nf6 21. Rc1 Qd7 22. Rc6 Rb8 23. Rfc1 Rb7 24. Bc4 Ra8 25. Qd3 Nh5 26. Rc2 b5 27. Qb3 Rab8 28. Bf1 Bf6 29. Rxa6 Bd8 30. Rac6 Nf4 31. Be3 Nh5 32. Qc3 Ng7 33. a4 bxa4 34. Bc4 Ne8 35. Bd4 f5 36. e5 Kf8 37. e6 Qe7 38. Ba7 Kg8 39. Bxb8 Rxb8 40. Qa3 Qf6 41. Ra6 Qd4+ 42. Kh2 Bg5 43. Rxa4 Qe5+ 44. g3 f4 45. g4 Bh4 46. Re2 Qd4 47. Bd3 Qxd5 48. Rxf4 Rb3 49. Bc4 Rxa3 50. Bxd5 Ra5 51. Bc6 Bg5 52. Rf7 Ng7 53. Rxc7 h6 54. Rxg7+ Kxg7 55. e7 Re5 56. Rxe5 dxe5 1-0

[Event "Baden-ch op U1600"]
[Site "Birkenfeld"]
[Date "2013.05.31"]
[Round "3"]
[White "Steiert, Roland"]
[Black "Kappus, Holger"]
[Result "0-1"]
[WhiteElo "1731"]
[BlackElo "1470"]
[PlyCount "80"]
[EventDate "2013.05.30"]
[EventType "swiss"]
[EventRounds "7"]
[EventCountry "GER"]
[SourceTitle "EXT 2014"]
[Source "ChessBase"]
[SourceDate "2013.11.20"]
[SourceVersion "1"]
[SourceVersionDate "2013.11.20"]
[SourceQuality "1"]

1. d4 Nf6 2. c4 b6 3. Nf3 e6 4. g3 Bb7 5. Bg2 Be7 6. 0-0 d6 7. Nc3 Nbd7 8. d5 e5 9. Ne1 h5 10. h4 Bc8 11. Nd3 Ng4 12. Nb4 Bb7 13. Nc6 Bxc6 14. dxc6 Nc5 15. Bd5 g5 16. f3 Nh6 17. f4 gxf4 18. e3 Nf5 19. exf4 Nxg3 20. Rf2 e4 21. f5 Bxh4 22. Rg2 Qf6 23. b4 Nd3 24. Bd2 Qd4+ 25. Kh2 e3 26. Be1 Nxf5 27. Nb5 Qf4+ 28. Kg1 Nxe1 29. Nxc7+ Kd8 30. Nxa8 Nxg2 31. c7+ Ke7 32. Qf3 Qxf3 33. Bxf3 Ne1 34. Bb7 Bf2+ 35. Kh2 Kd7 36. Rd1 e2 37. Rd2 Nf3+ 38. Bxf3 e1Q 39. Rd1 Qe5+ 40. Kg2 Qg3+ 0-1

[Event "Baden-ch op U1600"]
[Site "Birkenfeld"]
[Date "2013.05.30"]
[Round "1"]
[White "Kuehn, Joachim"]
[Black "Kappus, Holger"]
[Result "1-0"]
[WhiteElo "1563"]
[BlackElo "1470"]
[PlyCount "97"]
[EventDate "2013.05.30"]
[EventType "swiss"]
[EventRounds "7"]
[EventCountry "GER"]
[SourceTitle "EXT 2014"]
[Source "ChessBase"]
[SourceDate "2013.11.20"]
[SourceVersion "1"]
[SourceVersionDate "2013.11.20"]
[SourceQuality "1"]

1. e4 b6 2. d4 Bb7 3. Nc3 e6 4. Nf3 Nf6 5. Bd3 Be7 6. 0-0 d6 7. Re1 Nbd7 8. Bf4 Nh5 9. Bd2 g6 10. e5 d5 11. Ne2 a6 12. Bh6 Rg8 13. Qd2 c5 14. c3 Qc7 15. Nf4 c4 16. Bc2 Ng7 17. Nh3 Nf5 18. Re2 0-0-0 19. Bg5 h5 20. Bxf5 gxf5 21. Bxe7 Nxe5 22. Nxe5 Qxe7 23. Rae1 f6 24. Nf3 Qg7 25. g3 Qg4 26. Kg2 e5 27. Nfg1 h4 28. Qe3 f4 29. Qf3 Qg7 30. Kf1 hxg3 31. hxg3 fxg3 32. fxg3 e4 33. Qf5+ Kb8 34. Re3 Bc8 35. Qf4+ Ka8 36. Ke2 Rh8 37. Nf2 Rh2 38. Kd1 Rg8 39. Ne2 Qf7 40. g4 f5 41. Qxh2 fxg4 42. Qg3 Qd7 43. Kc1 b5 44. Rh1 Qf5 45. Qf4 Qxf4 46. Nxf4 Rf8 47. Nxd5 Rxf2 48. Nb6+ Kb7 49. Nxc8 1-0

[Event "Stuttgart-chB int"]
[Site "Ditzingen"]
[Date "2013.05.10"]
[Round "3"]
[White "Weisensel, Wolfgang"]
[Black "Kappus, Holger"]
[Result "0-1"]
[WhiteElo "1685"]
[BlackElo "1459"]
[PlyCount "56"]
[EventDate "2013.05.09"]
[EventType "swiss"]
[EventRounds "7"]
[EventCountry "GER"]
[SourceTitle "EXT 2014"]
[Source "ChessBase"]
[SourceDate "2013.11.20"]
[SourceVersion "1"]
[SourceVersionDate "2013.11.20"]
[SourceQuality "1"]

1. Nf3 e6 2. b3 Nf6 3. Bb2 b6 4. e3 Bb7 5. Be2 d6 6. d4 Nbd7 7. Nbd2 Be7 8. 0-0 h6 9. c4 g5 10. h3 Rg8 11. Qc2 c5 12. Rfe1 Qc7 13. e4 Nh5 14. Bf1 g4 15. hxg4 Rxg4 16. d5 e5 17. Nh2 Rg6 18. Qd1 Ndf6 19. Qf3 Bc8 20. Kh1 Bd7 21. g3 0-0-0 22. Bd3 Rdg8 23. Rg1 Qd8 24. Rae1 Qf8 25. Bc1 Qg7 26. Nb1 Ng4 27. Nc3 Rf6 28. Qg2 Nxf2+ 0-1

[Event "Stuttgart-chB int"]
[Site "Ditzingen"]
[Date "2012.05.19"]
[Round "5"]
[White "Weisensel, Wolfgang"]
[Black "Kappus, Holger"]
[Result "0-1"]
[WhiteElo "1685"]
[BlackElo "1513"]
[PlyCount "206"]
[EventDate "2012.05.17"]
[EventType "swiss"]
[EventRounds "7"]
[EventCountry "GER"]
[SourceTitle "EXT 2018"]
[Source "ChessBase"]
[SourceDate "2017.10.13"]
[SourceVersion "1"]
[SourceVersionDate "2017.10.13"]
[SourceQuality "1"]

1. d4 Nf6 2. Nf3 b6 3. c4 Bb7 4. Nc3 e6 5. a3 Ne4 6. Nxe4 Bxe4 7. e3 g6 8. Bd3 Be7 9. Ne5 Bxd3 10. Qxd3 0-0 11. 0-0 f5 12. f4 d6 13. Nf3 Nd7 14. b3 Bf6 15. Rb1 c6 16. Bb2 d5 17. cxd5 cxd5 18. Rbc1 Nc5 19. Qb1 Ne4 20. Qc2 Rc8 21. Qxc8 Qxc8 22. Rxc8 Rxc8 23. Rc1 Rxc1+ 24. Bxc1 h6 25. Bb2 g5 26. fxg5 hxg5 27. b4 Kf8 28. Kf1 g4 29. Ne1 Ke7 30. Ke2 Kd7 31. Kd3 Be7 32. Bc1 Kc6 33. Kc2 Kb5 34. Kb3 Bd6 35. a4+ Kc6 36. b5+ Kb7 37. g3 Ng5 38. Bd2 Ne4 39. Kc2 Bc7 40. Kd3 Nd6 41. Bc1 Nc4 42. Ke2 Bd6 43. Nc2 Be7 44. Kf2 a6 45. Ke2 axb5 46. axb5 Bg5 47. Ba3 Kc7 48. Bb4 Kd7 49. Bf8 Be7 50. Bxe7 Kxe7 51. Kf2 Nd6 52. Na3 Ne4+ 53. Ke2 Kd6 54. Ke1 Ng5 55. Kf1 Nf3 56. Kg2 Nd2 57. Kf2 Nb3 58. Nc2 e5 59. Ke2 Na5 60. Kd2 Ke6 61. Ke2 Nc4 62. Kd3 Nd6 63. Na3 Ne4 64. Ke2 Ng5 65. Kf2 exd4 66. exd4 Nf3 67. Ke3 Nxh2 68. Kf2 Nf3 69. Ke3 Ng5 70. Kf2 Ne4+ 71. Kg2 Kf6 72. Nc2 Nc3 73. Na3 Kg5 74. Kf2 f4 75. gxf4+ Kxf4 76. Kg2 Ke4 77. Kg3 Kxd4 78. Kxg4 Kd3 79. Kf3 Kd2 80. Kf2 Kc1 81. Ke3 Kb2 82. Kd3 Kb3 83. Nc2 Nxb5 84. Nd4+ Nxd4 85. Kxd4 b5 86. Kxd5 Kc3 87. Ke4 b4 88. Ke3 Kc2 89. Kd4 b3 90. Kc4 b2 91. Kc5 b1Q 92. Kd4 Qb4+ 93. Kd5 Kd3 94. Ke5 Qd4+ 95. Ke6 Qc5 96. Kf6 Qd5 97. Ke7 Qc6 98. Kf7 Ke4 99. Ke7 Kf5 100. Kd8 Qb7 101. Ke8 Qc7 102. Kf8 Kf6 103. Kg8 Qg7# 0-1

[Event "Stuttgart-chB int"]
[Site "Ditzingen"]
[Date "2012.05.17"]
[Round "1"]
[White "Kappus, Holger"]
[Black "Steiert, Roland"]
[Result "0-1"]
[WhiteElo "1513"]
[BlackElo "1736"]
[PlyCount "100"]
[EventDate "2012.05.17"]
[EventType "swiss"]
[EventRounds "7"]
[EventCountry "GER"]
[SourceTitle "EXT 2018"]
[Source "ChessBase"]
[SourceDate "2017.10.13"]
[SourceVersion "1"]
[SourceVersionDate "2017.10.13"]
[SourceQuality "1"]

1. e4 e5 2. Nc3 Nf6 3. Bc4 c6 4. Bb3 a5 5. a3 Bc5 6. d3 a4 7. Nxa4 Rxa4 8. Bxa4 Qa5+ 9. c3 Qa7 10. Be3 Bxe3 11. fxe3 Qxe3+ 12. Qe2 Qa7 13. Bc2 d6 14. h3 Nbd7 15. g4 Nf8 16. Nf3 Ne6 17. Qf2 b6 18. Ng1 h5 19. gxh5 Nxh5 20. Bd1 Nhf4 21. Be2 Nc5 22. Rd1 Ba6 23. c4 Bc8 24. h4 Rh6 25. Nf3 Bg4 26. Ng5 Bxe2 27. Kd2 b5 28. Qg1 Bxd3 29. b4 Qxa3 30. Qf2 Qxb4+ 31. Ke3 Qb3 32. Qd2 Rf6 33. Ra1 Bc2+ 34. Kf2 Nh3+ 35. Kg2 Rf2+ 36. Qxf2 Nxf2 37. Ra8+ Ke7 38. Ra7+ Nd7 39. Kxf2 bxc4 40. Rha1 Qb6+ 41. Ke2 Bd3+ 42. Kf3 f6 43. Nf7 Qd4 44. Nh8 Qxe4+ 45. Kf2 Ke6 46. h5 Qd4+ 47. Kg3 Qf4+ 48. Kg2 Be4+ 49. Kg1 Qg3+ 50. Kf1 Bd3# 0-1

[Event "Stuttgart-chB int"]
[Site "Ditzingen"]
[Date "2012.05.17"]
[Round "2"]
[White "Ludwig, Siegfried"]
[Black "Kappus, Holger"]
[Result "1-0"]
[WhiteElo "1674"]
[BlackElo "1513"]
[PlyCount "130"]
[EventDate "2012.05.17"]
[EventType "swiss"]
[EventRounds "7"]
[EventCountry "GER"]
[SourceTitle "EXT 2018"]
[Source "ChessBase"]
[SourceDate "2017.10.13"]
[SourceVersion "1"]
[SourceVersionDate "2017.10.13"]
[SourceQuality "1"]

1. e4 b6 2. Nf3 Bb7 3. d3 e6 4. Be2 Be7 5. 0-0 d6 6. Nc3 Nd7 7. d4 Rb8 8. h3 Ngf6 9. Bd3 0-0 10. Nh2 c5 11. dxc5 Nxc5 12. f3 Nxd3 13. cxd3 Qd7 14. Qe1 e5 15. f4 Rfd8 16. f5 Qc7 17. Be3 a6 18. Rc1 Qd7 19. Qg3 b5 20. Bh6 Bf8 21. Bg5 Be7 22. Ng4 Kh8 23. Qh4 Nxg4 24. Bxe7 Re8 25. f6 Nh6 26. fxg7+ Kg8 27. Bf6 b4 28. Ne2 Qb5 29. Rf3 Nf5 30. Rxf5 Qxd3 31. Re1 Bxe4 32. Rff1 Rbc8 33. Kh2 Rc2 34. Qf2 Bg6 35. Qf3 Qc4 36. Nf4 Bf5 37. Nd5 Bd3 38. Ne7+ Rxe7 39. Qa8+ Qc8 40. Qxc8+ Rxc8 41. Bxe7 Bxf1 42. Rxf1 Kxg7 43. Bxd6 e4 44. Bxb4 Rc6 45. Bc3+ Kg6 46. Rf4 Re6 47. Kg1 Kg5 48. g3 f5 49. Kf2 h5 50. Bd2 Kg6 51. g4 fxg4 52. hxg4 hxg4 53. Rxg4+ Kf5 54. Rf4+ Ke5 55. Ke3 Kd5 56. Rf5+ Kc6 57. b4 Rd6 58. Rc5+ Kb6 59. Bc3 Re6 60. Bd4 Kb7 61. a4 Re8 62. Re5 Rc8 63. Bc5 Rc6 64. Kxe4 Rc7 65. Re7 a5 1-0